000 00376nam a2200157Ia 4500
008 230711s9999||||xx |||||||||||||| ||und||
041 _aENG
082 _a540
_bDA-C
100 _aDaley,Henry O
245 0 _aProblems in Chemistry
250 _a2nd . Ed.
260 _c1988
_aNew York
_bMarcel Dekker Inc.
650 _aChemistry
700 _aO'Malley,Robert F
942 _cBK
999 _c2346
_d2346